<?xml version="1.0" encoding="UTF-8"?>
<marc:record xmlns:marc="http://www.loc.gov/MARC21/slim">
   <marc:leader>00000nam a2200000 a 4500</marc:leader>
   <marc:datafield ind1=" " ind2=" " tag="653">
      <marc:subfield code="a">Mentoring in der Schule</marc:subfield>
   </marc:datafield>
   <marc:datafield ind1=" " ind2=" " tag="653">
      <marc:subfield code="a">Universität Mozarteum Salzburg</marc:subfield>
   </marc:datafield>
   <marc:datafield ind1=" " ind2=" " tag="653">
      <marc:subfield code="a">Fortbildungen für Volksschul-Pädagog*innen</marc:subfield>
   </marc:datafield>
   <marc:datafield ind1=" " ind2=" " tag="653">
      <marc:subfield code="a">Fachinspektorate</marc:subfield>
   </marc:datafield>
   <marc:datafield ind1=" " ind2=" " tag="653">
      <marc:subfield code="a">Jugendstimmbildung an der MOZ</marc:subfield>
   </marc:datafield>
   <marc:datafield ind1=" " ind2=" " tag="653">
      <marc:subfield code="a">ALIISA</marc:subfield>
   </marc:datafield>
   <marc:datafield ind1=" " ind2=" " tag="653">
      <marc:subfield code="a">Erasmusprojek</marc:subfield>
   </marc:datafield>
   <marc:datafield ind1=" " ind2=" " tag="653">
      <marc:subfield code="a">MMS</marc:subfield>
   </marc:datafield>
   <marc:datafield ind1=" " ind2=" " tag="653">
      <marc:subfield code="a">Musikuniversität Graz</marc:subfield>
   </marc:datafield>
   <marc:datafield ind1=" " ind2=" " tag="653">
      <marc:subfield code="a">Harald Oßberger (1948–2021)</marc:subfield>
   </marc:datafield>
   <marc:datafield ind1="0" ind2="0" tag="245">
      <marc:subfield code="a">Musikerziehung 2021 / 01, 74. Jg.</marc:subfield>
   </marc:datafield>
   <marc:datafield ind1="0" ind2="0" tag="245">
      <marc:subfield code="b">Mentoring in der Schule: Wenn Musik &amp; Kunst im Fokus stehen</marc:subfield>
   </marc:datafield>
   <marc:datafield ind1="0" ind2="0" tag="245">
      <marc:subfield code="c">. </marc:subfield>
   </marc:datafield>
   <marc:datafield ind1=" " ind2="1" tag="264">
      <marc:subfield code="a">Wien</marc:subfield>
      <marc:subfield code="b">Arbeitsgemeinschaft Musikerziehung Österreich</marc:subfield>
      <marc:subfield code="c">2021</marc:subfield>
   </marc:datafield>
   <marc:datafield ind1=" " ind2=" " tag="250">
      <marc:subfield code="a">2021 / 01, 74. Jg.</marc:subfield>
   </marc:datafield>
   <marc:datafield ind1="1" ind2=" " tag="520">
      <marc:subfield code="a">Das Heft zeichnet sich durch eine Fu¨lle an Beitra¨gen aus, die wie immer die Vielfalt der musikpa¨dagogischen Bereiche repra¨sentieren. Das Thema Interdisziplinarita¨t wird in zwei Beitra¨gen behandelt. Digitale Medien werden auch in den Schulbu¨chern immer wesentlicher. Hierzu gibt es einen Interviewbeitrag mit Autoren. Praxisbezogene Fortbildung ist wichtige Grundlage fu¨r das Gelingen des Unterrichts und der Sta¨rkung von LehrerInnen vor allem in der Volksschule. U¨berlegungen dazu geben Perspektiven fu¨r Zeiten, in denen gemeinsames Musizieren wieder mo¨glich sein wird. „Was ist von Be`la Barto`k noch in Erinnerung – rund 75 Jahre nach seinem Tod?“ Dieser Frage geht ein Artikel u¨ber Barto`ks Forschungsta¨tigkeit nach.&lt;br/&gt;&lt;br/&gt;Der Praxisteil beinhaltet das Lied „Ich kann“ von Dieter Bucher (Gustav Mahler Privatuniversität für Musik Klagenfurt). Gesungen wird es von Sophie Eder. „Ich kann“</marc:subfield>
   </marc:datafield>
   <marc:datafield ind1=" " ind2=" " tag="022">
      <marc:subfield code="a">00274798</marc:subfield>
   </marc:datafield>
   <marc:datafield ind1=" " ind2=" " tag="041">
      <marc:subfield code="a">ger</marc:subfield>
   </marc:datafield>
   <marc:datafield ind1="0" ind2=" " tag="490">
      <marc:subfield code="v">74</marc:subfield>
   </marc:datafield>
   <marc:datafield ind1="1" ind2=" " tag="521">
      <marc:subfield code="a">0</marc:subfield>
   </marc:datafield>
</marc:record>
